000 00309 a2200121 4500
040 _aDLC
_bDLC
100 _aHadi, S. S.
245 _aUddas lamhy
_cS. S. Hadi
_h[Urdu]
260 _aIslamabad:
_bMazil Publications,
_c2010.
300 _a134 p. ;
_c23 cm.
650 _aUrdu--Poetry
942 _cBK
_k891.4391 HAD
_2ddc
999 _c10135
_d10135